[Event "St Petersburg Motiva Cup (Women)"]
[Site "St Petersburg"]
[Date "2019.06.15"]
[Round "2"]
[White "Murashova, Ekaterina"]
[Black "Daulyte Cornette, Deimante"]
[Result "1/2-1/2"]
[WhiteElo "2259"]
[BlackElo "2444"]
[PlyCount "113"]
[EventDate "2019.06.15"]
[EventType "swiss"]
[EventRounds "9"]
[EventCountry "RUS"]
[SourceTitle "CBM 190 Extra"]
[Source "ChessBase"]
[SourceDate "2019.07.15"]
[SourceVersion "1"]
[SourceVersionDate "2019.07.15"]
[SourceQuality "1"]

1. e4 d6 2. d4 Nf6 3. Nc3 e5 4. Nge2 Be7 5. f3 0-0 6. Be3 exd4 7. Nxd4 d5 8. exd5 Nxd5 9. Nxd5 Qxd5 10. Bd3 Bh4+ 11. g3 Re8 12. Be4 Qe5 13. gxh4 c6 14. Qd3 f5 15. Nxf5 Bxf5 16. Bxf5 Qxe3+ 17. Qxe3 Rxe3+ 18. Kf2 Re5 19. Bc8 Rb5 20. Rad1 Na6 21. Rd8+ Kf7 22. Be6+ Kxe6 23. Rxa8 Rxb2 24. Re1+ Kf7 25. Rxa7 Nc5 26. Re2 Rb4 27. Kg3 Rb2 28. a4 Ra2 29. a5 Kf6 30. h5 Ra4 31. Re3 Ra2 32. c3 Ra3 33. h4 Rb3 34. Kg4 Nd7 35. Kf4 Nc5 36. Kg4 Ra3 37. Kg3 Rb3 38. Kg4 Ra3 39. f4 Ra4 40. Re5 Nd3 41. Rf5+ Ke6 42. Rf8 Nc5 43. Rh8 h6 44. Rf8 Nd7 45. Re8+ Kf7 46. Re3 Nc5 47. Re5 Nd3 48. Rf5+ Ke6 49. Rf8 Nc5 50. Re8+ Kf6 51. Raa8 Ne6 52. Kg3 Ra3 53. Rxe6+ Kxe6 54. Rb8 Rxa5 55. Rxb7 Kf6 56. Kg4 Rc5 57. Rb3 1/2-1/2

[Event "Wch Blitz (Women)"]
[Site "St Petersburg"]
[Date "2018.12.30"]
[Round "11"]
[White "Assaubayeva, Bibissara"]
[Black "Murashova, Ekaterina"]
[Result "0-1"]
[WhiteElo "2372"]
[BlackElo "2259"]
[PlyCount "124"]
[EventDate "2018.12.29"]
[EventType "swiss (blitz)"]
[EventRounds "17"]
[EventCountry "RUS"]
[SourceTitle "CBM 187 Extra"]
[Source "ChessBase"]
[SourceDate "2018.11.04"]
[SourceVersion "1"]
[SourceVersionDate "2018.11.04"]
[SourceQuality "1"]

1. d4 d5 2. c4 e6 3. Nf3 Nf6 4. Nc3 Be7 5. Bg5 Nbd7 6. e3 h6 7. Bh4 0-0 8. Bd3 c5 9. cxd5 Nxd5 10. Bxe7 Qxe7 11. Nxd5 exd5 12. dxc5 Nxc5 13. 0-0 Bg4 14. Be2 Rfd8 15. Nd4 Bxe2 16. Qxe2 Rac8 17. Rfd1 Ne6 18. Nxe6 fxe6 19. Rac1 a6 20. h3 Rc5 21. Qg4 Rdc8 22. Rxc5 Rxc5 23. Qb4 Qc7 24. a3 Rc2 25. g3 b5 26. Qd4 Rc4 27. Qd3 Qe5 28. Rd2 Rc1+ 29. Kg2 Qc7 30. Rd1 Rc4 31. Qg6 Qc6 32. Qd3 Rc2 33. Rd2 Rc1 34. Rd1 d4+ 35. Kg1 dxe3 36. fxe3 Rxd1+ 37. Qxd1 Qe4 38. Qd8+ Kh7 39. Qd2 h5 40. h4 Kh6 41. Kf2 Qf5+ 42. Kg2 Qe4+ 43. Kf2 Kg6 44. Qc3 Qf5+ 45. Kg2 Qd5+ 46. Kf2 e5 47. Qc2+ e4 48. Ke2 Kh7 49. Qd2 Qf5 50. Qd4 Qg6 51. Kd2 Qc6 52. Qe5 Qd7+ 53. Ke1 Qg4 54. Qf4 Qxf4 55. exf4 Kg6 56. Kf2 Kf5 57. Ke3 Kg4 58. Kxe4 Kxg3 59. Kf5 Kxh4 60. Kg6 Kg4 61. f5 h4 62. Kxg7 Kxf5 0-1

[Event "Wch Blitz (Women)"]
[Site "St Petersburg"]
[Date "2018.12.30"]
[Round "12"]
[White "Guichard, Pauline"]
[Black "Murashova, Ekaterina"]
[Result "1-0"]
[WhiteElo "2378"]
[BlackElo "2259"]
[PlyCount "87"]
[EventDate "2018.12.29"]
[EventType "swiss (blitz)"]
[EventRounds "17"]
[EventCountry "RUS"]
[SourceTitle "CBM 187 Extra"]
[Source "ChessBase"]
[SourceDate "2018.11.04"]
[SourceVersion "1"]
[SourceVersionDate "2018.11.04"]
[SourceQuality "1"]

1. d4 d5 2. Bf4 Nf6 3. e3 c5 4. Nf3 Nc6 5. Nbd2 Bg4 6. c3 e6 7. Qb3 Qb6 8. Ne5 Nxe5 9. Bxe5 Nd7 10. Bb5 c4 11. Bxd7+ Kxd7 12. Qc2 f6 13. Bg3 Bd6 14. e4 Bxg3 15. hxg3 dxe4 16. Nxc4 Qc6 17. Ne3 Bf5 18. g4 Bg6 19. d5 exd5 20. Rd1 Rad8 21. c4 Kc8 22. Rxd5 Rxd5 23. Nxd5 Kb8 24. Qe2 Bf7 25. Ne3 h6 26. b4 Rd8 27. 0-0 Rd4 28. Rc1 Qd6 29. Nf5 Qf4 30. Rc2 Rd3 31. Nxg7 Qg5 32. Nf5 Qf4 33. g3 Qe5 34. Kg2 Be6 35. Ne3 Qd4 36. c5 Bd7 37. Qe1 Bc6 38. Rc4 Qd7 39. Qc1 a6 40. Qc2 Bb5 41. Rc3 Bc6 42. a4 Rxc3 43. Qxc3 Bxa4 44. Qxf6 1-0

[Event "Wch Blitz (Women)"]
[Site "St Petersburg"]
[Date "2018.12.30"]
[Round "16"]
[White "Murashova, Ekaterina"]
[Black "Semenova, Elena"]
[Result "0-1"]
[WhiteElo "2259"]
[BlackElo "2260"]
[PlyCount "106"]
[EventDate "2018.12.29"]
[EventType "swiss (blitz)"]
[EventRounds "17"]
[EventCountry "RUS"]
[SourceTitle "CBM 187 Extra"]
[Source "ChessBase"]
[SourceDate "2018.11.04"]
[SourceVersion "1"]
[SourceVersionDate "2018.11.04"]
[SourceQuality "1"]

1. e4 e5 2. Nf3 Nc6 3. Bc4 Nf6 4. d3 Bc5 5. c3 0-0 6. a4 a6 7. 0-0 d5 8. exd5 Nxd5 9. Nbd2 Nf6 10. Ne4 Be7 11. h3 Bf5 12. Qe2 h6 13. a5 Re8 14. b4 Qd7 15. Ng3 Be6 16. Bxe6 Qxe6 17. Re1 Nd5 18. Bd2 Rad8 19. Rad1 Bf6 20. Qe4 Nde7 21. Qc4 Qd5 22. Ne4 Qxc4 23. Nxf6+ gxf6 24. dxc4 Kg7 25. Bc1 Nf5 26. Nd2 Rd3 27. Ne4 Red8 28. Rxd3 Rxd3 29. Kf1 Rd8 30. Ke2 Nd6 31. Nxd6 Rxd6 32. Rd1 Rxd1 33. Kxd1 f5 34. f3 h5 35. Ke2 Kf6 36. Kd3 Ke6 37. Be3 Ne7 38. Bc5 Ng6 39. Be3 Nh4 40. Bg5 Nxg2 41. Ke2 f6 42. Bd2 e4 43. Kf2 Nh4 44. f4 Ng6 45. Be3 Nf8 46. Bd4 Nd7 47. Ke3 Nb8 48. b5 Nd7 49. bxa6 bxa6 50. Ba7 c5 51. Ke2 Kd6 52. Kf2 Kc7 53. Kg3 Kb7 0-1

[Event "Wch Blitz (Women)"]
[Site "St Petersburg"]
[Date "2018.12.29"]
[Round "1"]
[White "Doan, Thi Van Anh"]
[Black "Murashova, Ekaterina"]
[Result "0-1"]
[WhiteElo "1950"]
[BlackElo "2259"]
[PlyCount "158"]
[EventDate "2018.12.29"]
[EventType "swiss (blitz)"]
[EventRounds "17"]
[EventCountry "RUS"]
[SourceTitle "CBM 187 Extra"]
[Source "ChessBase"]
[SourceDate "2018.11.04"]
[SourceVersion "1"]
[SourceVersionDate "2018.11.04"]
[SourceQuality "1"]

1. d4 d5 2. c4 e6 3. Nf3 Nf6 4. Bg5 Nbd7 5. e3 Be7 6. Nc3 h6 7. Bh4 0-0 8. Qc2 c5 9. cxd5 Nxd5 10. Bxe7 Qxe7 11. Nxd5 exd5 12. Be2 b6 13. 0-0 Bb7 14. Rac1 Rac8 15. Qf5 g6 16. Qf4 Kg7 17. h3 Qf6 18. Qg3 Rfe8 19. Bb5 Re7 20. Rfd1 c4 21. Qg4 Bc6 22. Bxc6 Rxc6 23. h4 h5 24. Qg3 b5 25. Rd2 b4 26. Rdc2 Ra6 27. b3 c3 28. Qc7 Qb6 29. Qc8 Ra3 30. g3 Qd6 31. Kg2 a5 32. Qa8 Nb6 33. Qa6 Re6 34. Ne5 Nd7 35. Qxd6 Rxd6 36. Nxd7 Rxd7 37. Kf3 Ra7 38. Kf4 Kf6 39. g4 hxg4 40. Kxg4 a4 41. bxa4 R7xa4 42. Rb1 Rxa2 43. Rxa2 Rxa2 44. Rxb4 Rxf2 45. Rb6+ Kg7 46. Rc6 c2 47. Kg3 Re2 48. Kf3 Rh2 49. Kg3 Rd2 50. Kf3 Kh6 51. Rc5 f5 52. Kg3 Kh5 53. Rc7 Kh6 54. Rc6 Re2 55. Kf3 Rh2 56. Kg3 Rd2 57. Kf3 Rh2 58. Kg3 Rd2 59. Kf4 Re2 60. Kf3 Rd2 61. Kf4 Rg2 62. Ke5 Rg4 63. Rxc2 Rxh4 64. Kxd5 Re4 65. Re2 g5 66. Rf2 Kg6 67. Rf3 g4 68. Rg3 Kg5 69. Kc5 Kh4 70. Rg1 Rxe3 71. d5 g3 72. d6 Rd3 73. Rh1+ Kg4 74. Rc1 g2 75. Rc4+ f4 76. Kc6 g1Q 77. Kc7 Qa7+ 78. Kc6 Qa6+ 79. Kc7 Qxc4+ 0-1

[Event "Wch Rapid (Women)"]
[Site "St Petersburg"]
[Date "2018.12.27"]
[Round "6"]
[White "Danielian, Elina"]
[Black "Murashova, Ekaterina"]
[Result "1-0"]
[WhiteElo "2427"]
[BlackElo "2259"]
[PlyCount "125"]
[EventDate "2018.12.26"]
[EventType "swiss (rapid)"]
[EventRounds "12"]
[EventCountry "RUS"]
[SourceTitle "CBM 187 Extra"]
[Source "ChessBase"]
[SourceDate "2018.11.04"]
[SourceVersion "1"]
[SourceVersionDate "2018.11.04"]
[SourceQuality "1"]

1. d4 d5 2. Nf3 Nf6 3. Bf4 c5 4. e3 Nc6 5. Nbd2 Bg4 6. Be2 e6 7. 0-0 Qb6 8. c4 cxd4 9. Nxd4 Bxe2 10. Nxe2 Rd8 11. Qc2 Be7 12. a3 a5 13. Nc3 0-0 14. Rfd1 h6 15. cxd5 Nxd5 16. Nc4 Qc5 17. Ne4 Qa7 18. Bg3 Rd7 19. Rac1 Rfd8 20. h3 f5 21. Ned2 Bf6 22. Nf3 Qc5 23. Qb3 Qa7 24. Nce5 Nxe5 25. Nxe5 Bxe5 26. Bxe5 a4 27. Qc4 Kh7 28. Bd4 Qa5 29. Qe2 Ne7 30. Bc3 Rxd1+ 31. Rxd1 Rxd1+ 32. Qxd1 Qb5 33. Qd4 e5 34. Qxe5 Qxe5 35. Bxe5 Nd5 36. Kf1 g5 37. Ke2 Kg6 38. Kd3 Kf7 39. Kc4 Ke6 40. Bd4 Nc7 41. g4 Ne8 42. Kb4 Nd6 43. Kxa4 Ne4 44. f3 fxg4 45. hxg4 Nd2 46. f4 Kd5 47. Bg7 Kc4 48. Ka5 Kc5 49. Bf8+ Kc6 50. Kb4 Nf1 51. Bxh6 Nxe3 52. fxg5 Nxg4 53. Bg7 Ne3 54. a4 Nd5+ 55. Kc4 Nb6+ 56. Kb3 Nd5 57. Bd4 Nf4 58. Kc4 Ng6 59. b4 Ne7 60. b5+ Kc7 61. a5 Kd7 62. Bf6 Ng8 63. Kc5 1-0